[Event "English Schools Championship Final 2024"]
[Site "Nottingham University Kings Meadow Campus, United Kingdom"]
[Date "2024.06.27"]
[Round "3.57"]
[White "Wu, Nathaniel"]
[Black "Huang, Henry"]
[Result "0-1"]
[TimeControl "G50' + 10\" per move."]
[WhiteFideId "343449000"]
[BlackFideId "447129"]
[WhiteElo "1447"]
[BlackElo "1783"]

1. e4 {[%clk 00:50:19]} e6 {[%clk 00:50:16]} {[%emt 00:00:05]} 2. d4 {[%clk
00:50:19]} {[%emt 00:00:09]} d5 {[%clk 00:50:24]} {[%emt 00:00:02]} 3. e5
{[%clk 00:50:25]} {[%emt 00:00:04]} c5 {[%clk 00:50:32]} {[%emt 00:00:03]} 4.
c3 {[%clk 00:50:33]} {[%emt 00:00:02]} Nc6 {[%clk 00:50:35]} {[%emt 00:00:07]}
5. Nf3 {[%clk 00:50:18]} {[%emt 00:00:25]} Qb6 {[%clk 00:50:39]} {[%emt
00:00:06]} 6. Be2 {[%clk 00:49:19]} {[%emt 00:01:07]} Nge7 {[%clk 00:48:19]}
{[%emt 00:02:32]} 7. dxc5 {[%clk 00:49:00]} {[%emt 00:00:28]} Qxc5 {[%clk
00:48:17]} {[%emt 00:00:13]} 8. Be3 {[%clk 00:49:00]} {[%emt 00:00:09]} Qa5
{[%clk 00:48:15]} {[%emt 00:00:13]} 9. O-O {[%clk 00:46:51]} {[%emt 00:02:18]}
Ng6 {[%clk 00:45:07]} {[%emt 00:03:19]} 10. Bd4 {[%clk 00:45:31]} {[%emt
00:01:29]} Nf4 {[%clk 00:44:31]} {[%emt 00:00:46]} 11. Nbd2 {[%clk 00:44:15]}
{[%emt 00:01:25]} Nxe2+ {[%clk 00:43:59]} {[%emt 00:00:43]} 12. Qxe2 {[%clk
00:44:12]} {[%emt 00:00:13]} Bd7 {[%clk 00:42:48]} {[%emt 00:01:22]} 13. Rfe1
{[%clk 00:42:25]} {[%emt 00:01:56]} Be7 {[%clk 00:40:32]} {[%emt 00:02:27]} 14.
Nb3 {[%clk 00:41:28]} {[%emt 00:01:06]} Qc7 {[%clk 00:39:00]} {[%emt 00:01:43]}
15. Rac1 {[%clk 00:40:00]} {[%emt 00:01:35]} Nxd4 {[%clk 00:35:46]} {[%emt
00:03:26]} 16. cxd4 {[%clk 00:39:25]} {[%emt 00:00:44]} Qb6 {[%clk 00:35:45]}
{[%emt 00:00:12]} 17. Nc5 {[%clk 00:38:37]} {[%emt 00:00:58]} Bb5 {[%clk
00:34:37]} {[%emt 00:01:18]} 18. Qd2 {[%clk 00:37:09]} {[%emt 00:01:30]} Rc8
{[%clk 00:33:22]} {[%emt 00:01:34]} 19. b4 {[%clk 00:35:03]} {[%emt 00:02:15]}
Bxc5 {[%clk 00:23:57]} {[%emt 00:09:35]} 20. Rxc5 {[%clk 00:34:15]} {[%emt
00:00:57]} Rxc5 {[%clk 00:23:27]} {[%emt 00:00:42]} 21. bxc5 {[%clk 00:34:21]}
{[%emt 00:00:02]} Qa6 {[%clk 00:22:53]} {[%emt 00:00:45]} 22. Rb1 {[%clk
00:32:14]} {[%emt 00:02:16]} Bd3 {[%clk 00:19:06]} {[%emt 00:03:58]} 23. Rb2
{[%clk 00:31:26]} {[%emt 00:00:57]} O-O {[%clk 00:18:58]} {[%emt 00:00:20]} 24.
Qb4 {[%clk 00:30:30]} {[%emt 00:01:04]} Rb8 {[%clk 00:17:39]} {[%emt 00:01:31]}
25. Nd2 {[%clk 00:29:32]} {[%emt 00:01:06]} Qc6 {[%clk 00:15:45]} {[%emt
00:02:05]} 26. Nb3 {[%clk 00:28:37]} {[%emt 00:01:05]} b6 {[%clk 00:12:05]}
{[%emt 00:03:51]} 27. h4 {[%clk 00:23:12]} {[%emt 00:05:32]} Rc8 {[%clk
00:11:23]} {[%emt 00:00:54]} 28. Nd2 {[%clk 00:19:47]} {[%emt 00:03:35]} bxc5
{[%clk 00:10:03]} {[%emt 00:01:31]} 29. dxc5 {[%clk 00:19:46]} {[%emt
00:00:10]} h6 {[%clk 00:09:31]} {[%emt 00:00:43]} 30. Rb3 {[%clk 00:17:59]}
{[%emt 00:01:55]} Ba6 {[%clk 00:07:19]} {[%emt 00:02:23]} 31. Rc3 {[%clk
00:17:39]} {[%emt 00:00:28]} Qc7 {[%clk 00:06:37]} {[%emt 00:00:54]} 32. f4
{[%clk 00:16:59]} {[%emt 00:00:49]} Rb8 {[%clk 00:06:04]} {[%emt 00:00:45]} 33.
Qa3 {[%clk 00:16:02]} {[%emt 00:01:04]} d4 {[%clk 00:04:40]} {[%emt 00:01:37]}
34. Rb3 {[%clk 00:15:09]} {[%emt 00:01:03]} Bb5 {[%clk 00:02:46]} {[%emt
00:02:04]} 35. Qb4 {[%clk 00:13:32]} {[%emt 00:01:43]} a5 {[%clk 00:02:11]}
{[%emt 00:00:49]} 36. Qxd4 {[%clk 00:13:13]} {[%emt 00:00:25]} Rd8 {[%clk
00:01:47]} {[%emt 00:00:38]} 37. Qe3 {[%clk 00:13:10]} {[%emt 00:00:11]} Qc6
{[%clk 00:01:17]} {[%emt 00:00:41]} 38. Ne4 {[%clk 00:12:20]} {[%emt 00:00:59]}
Bc4 {[%clk 00:00:52]} {[%emt 00:00:37]} 39. Rb2 {[%clk 00:12:04]} {[%emt
00:00:23]} Rd3 {[%clk 00:00:36]} {[%emt 00:00:28]} 40. Qe1 {[%clk 00:11:15]}
{[%emt 00:00:56]} Qd5 {[%clk 00:00:34]} {[%emt 00:00:16]} 41. Nc3 {[%clk
00:10:33]} {[%emt 00:00:51]} Qd4+ {[%clk 00:00:35]} {[%emt 00:00:11]} 42. Kh1
{[%clk 00:09:30]} {[%emt 00:01:10]} Qxc3 {[%clk 00:00:32]} {[%emt 00:00:15]} 43.
Rb8+ {[%clk 00:09:08]} {[%emt 00:00:31]} Kh7 {[%clk 00:00:37]} {[%emt
00:00:06]} 44. Qe4+ {[%clk 00:08:28]} {[%emt 00:00:47]} g6 {[%clk 00:00:43]}
{[%emt 00:00:06]} 45. Qb7 {[%clk 00:07:31]} {[%emt 00:01:06]} Qc1+ {[%clk
00:00:36]} {[%emt 00:00:19]} 46. Kh2 {[%clk 00:07:40]} Qxf4+ {[%clk 00:00:43]}
{[%emt 00:00:03]} 0-1

[Event "English Schools Championship Final 2024"]
[Site "Nottingham University Kings Meadow Campus, United Kingdom"]
[Date "2024.06.27"]
[Round "3.58"]
[White "Razumovsky-Hough, Louis"]
[Black "Swinburn, Barnaby"]
[Result "1-0"]
[TimeControl "G50' + 10\" per move."]
[WhiteElo "1726"]
[BlackElo "1447"]

1. d4 {[%clk 00:50:17]} {[%emt 00:00:02]} d5 {[%clk 00:50:18]} {[%emt
00:00:02]} 2. Bf4 {[%clk 00:50:22]} {[%emt 00:00:05]} Nf6 {[%clk 00:50:11]}
{[%emt 00:00:17]} 3. Nf3 {[%clk 00:50:30]} {[%emt 00:00:02]} Nc6 {[%clk
00:49:35]} {[%emt 00:00:46]} 4. e3 {[%clk 00:50:08]} {[%emt 00:00:32]} Bg4
{[%clk 00:49:37]} {[%emt 00:00:09]} 5. Nbd2 {[%clk 00:50:03]} {[%emt 00:00:14]}
e6 {[%clk 00:49:22]} {[%emt 00:00:25]} 6. c3 {[%clk 00:50:03]} {[%emt
00:00:11]} Bd6 {[%clk 00:48:57]} {[%emt 00:00:34]} 7. Bg3 {[%clk 00:50:06]}
{[%emt 00:00:07]} Ne4 {[%clk 00:48:29]} {[%emt 00:00:38]} 8. Bd3 {[%clk
00:48:57]} {[%emt 00:01:20]} Nxd2 {[%clk 00:47:47]} {[%emt 00:00:50]} 9. Qxd2
{[%clk 00:48:56]} {[%emt 00:00:12]} Bxf3 {[%clk 00:45:58]} {[%emt 00:01:58]} 10.
gxf3 {[%clk 00:48:55]} {[%emt 00:00:12]} Qf6 {[%clk 00:45:52]} {[%emt
00:00:16]} 11. f4 {[%clk 00:47:51]} {[%emt 00:01:14]} h5 {[%clk 00:45:11]}
{[%emt 00:00:51]} 12. h4 {[%clk 00:46:45]} {[%emt 00:01:16]} O-O-O {[%clk
00:44:48]} {[%emt 00:00:23]} 13. b4 {[%clk 00:46:10]} {[%emt 00:00:55]} Qe7
{[%clk 00:44:30]} {[%emt 00:00:28]} 14. a4 {[%clk 00:45:50]} {[%emt 00:00:31]}
Nxb4 {[%clk 00:44:28]} {[%emt 00:00:10]} 15. Bb5 {[%clk 00:42:09]} {[%emt
00:03:52]} a6 {[%clk 00:43:06]} {[%emt 00:01:31]} 16. Be2 {[%clk 00:41:17]}
{[%emt 00:01:03]} Nc6 {[%clk 00:42:27]} {[%emt 00:00:48]} 17. Rb1 {[%clk
00:40:31]} {[%emt 00:00:57]} f6 {[%clk 00:41:57]} {[%emt 00:00:40]} 18. Qc2
{[%clk 00:36:58]} {[%emt 00:03:43]} Nb8 {[%clk 00:37:41]} {[%emt 00:04:26]} 19.
Qb3 {[%clk 00:36:00]} {[%emt 00:01:08]} b6 {[%clk 00:37:26]} {[%emt 00:00:24]}
20. c4 {[%clk 00:33:38]} {[%emt 00:02:34]} Kd7 {[%clk 00:36:11]} {[%emt
00:01:24]} 21. cxd5 {[%clk 00:32:50]} {[%emt 00:00:58]} exd5 {[%clk 00:32:42]}
{[%emt 00:03:39]} 22. Qxd5 {[%clk 00:31:37]} {[%emt 00:01:22]} Ke8 {[%clk
00:32:09]} {[%emt 00:00:43]} 23. Bxh5+ {[%clk 00:29:03]} {[%emt 00:02:44]} Kf8
{[%clk 00:31:41]} {[%emt 00:00:38]} 24. Qf3 {[%clk 00:28:03]} {[%emt 00:01:12]}
Nc6 {[%clk 00:29:33]} {[%emt 00:02:17]} 25. O-O {[%clk 00:26:58]} {[%emt
00:01:15]} Qd7 {[%clk 00:28:58]} {[%emt 00:00:46]} 26. Bg6 {[%clk 00:25:49]}
{[%emt 00:01:19]} Ne7 {[%clk 00:28:37]} {[%emt 00:00:31]} 27. Bd3 {[%clk
00:24:55]} {[%emt 00:01:03]} Qxa4 {[%clk 00:26:58]} {[%emt 00:01:38]} 28. Ra1
{[%clk 00:24:17]} {[%emt 00:00:59]} Qd7 {[%clk 00:27:03]} {[%emt 00:00:05]} 29.
e4 {[%clk 00:24:15]} {[%emt 00:00:12]} a5 {[%clk 00:26:46]} {[%emt 00:00:26]}
30. e5 {[%clk 00:23:51]} {[%emt 00:00:35]} Bb4 {[%clk 00:26:08]} {[%emt
00:00:48]} 31. Rfd1 {[%clk 00:23:24]} {[%emt 00:00:38]} Bc3 {[%clk 00:24:35]}
{[%emt 00:01:42]} 32. Bb5 {[%clk 00:21:18]} {[%emt 00:02:15]} Qd5 {[%clk
00:24:25]} {[%emt 00:00:20]} 33. Qxc3 {[%clk 00:20:46]} {[%emt 00:00:41]} Qxb5
{[%clk 00:23:54]} {[%emt 00:00:41]} 34. Qxc7 {[%clk 00:20:22]} {[%emt
00:00:35]} Rc8 {[%clk 00:21:44]} {[%emt 00:02:20]} 35. Qd6 {[%clk 00:19:47]}
{[%emt 00:00:46]} Qc6 {[%clk 00:20:35]} {[%emt 00:01:20]} 36. Qa3 {[%clk
00:18:37]} {[%emt 00:01:19]} Kf7 {[%clk 00:18:43]} {[%emt 00:02:02]} 37. Rac1
{[%clk 00:17:56]} {[%emt 00:00:51]} Qe6 {[%clk 00:18:13]} {[%emt 00:00:40]} 38.
Rb1 {[%clk 00:17:22]} {[%emt 00:00:44]} Nf5 {[%clk 00:18:05]} {[%emt 00:00:13]}
39. d5 {[%clk 00:17:22]} {[%emt 00:00:15]} Qe8 {[%clk 00:16:37]} {[%emt
00:01:38]} 40. Rxb6 {[%clk 00:16:54]} {[%emt 00:00:37]} fxe5 {[%clk 00:14:48]}
{[%emt 00:01:25]} 41. fxe5 {[%clk 00:17:04]} Nxh4 {[%clk 00:14:05]} {[%emt
00:01:28]} 42. Rb7+ {[%clk 00:15:07]} {[%emt 00:02:08]} Kg8 {[%clk 00:13:10]}
{[%emt 00:01:04]} 43. d6 {[%clk 00:13:00]} {[%emt 00:02:18]} Qh5 {[%clk
00:13:00]} {[%emt 00:00:20]} 44. Qb3+ {[%clk 00:12:12]} {[%emt 00:00:57]} Kf8
{[%clk 00:12:20]} {[%emt 00:00:50]} 45. Bxh4 {[%clk 00:12:03]} {[%emt
00:00:19]} Qxh4 {[%clk 00:11:27]} {[%emt 00:01:02]} 46. Qf7# {[%clk 00:12:06]}
{[%emt 00:00:08]} 1-0

[Event "English Schools Championship Final 2024"]
[Site "Nottingham University Kings Meadow Campus, United Kingdom"]
[Date "2024.06.27"]
[Round "3.59"]
[White "Ahern, Paddy"]
[Black "Clery, Liam"]
[Result "0-1"]
[TimeControl "G50' + 10\" per move."]
[BlackFideId "343402879"]
[WhiteElo "1283"]
[BlackElo "1797"]

1. e4 {[%clk 00:50:18]} {[%emt 00:00:02]} Nf6 {[%clk 00:50:17]} {[%emt
00:00:03]} 2. Nc3 {[%clk 00:50:12]} {[%emt 00:00:16]} e5 {[%clk 00:50:26]}
{[%emt 00:00:01]} 3. f4 {[%clk 00:49:43]} {[%emt 00:00:39]} d5 {[%clk
00:50:31]} {[%emt 00:00:05]} 4. fxe5 {[%clk 00:48:52]} {[%emt 00:00:45]} Nxe4
{[%clk 00:50:39]} {[%emt 00:00:18]} 5. Nxe4 {[%clk 00:47:44]} {[%emt 00:00:48]}
dxe4 {[%clk 00:50:47]} {[%emt 00:00:32]} 6. d4 {[%clk 00:46:29]} {[%emt
00:01:24]} exd3 {[%clk 00:49:56]} {[%emt 00:01:01]} 7. cxd3 {[%clk 00:46:18]}
{[%emt 00:00:21]} Bc5 {[%clk 00:48:12]} {[%emt 00:01:55]} 8. Nf3 {[%clk
00:45:14]} {[%emt 00:01:13]} Nc6 {[%clk 00:48:13]} {[%emt 00:00:10]} 9. b3
{[%clk 00:43:22]} {[%emt 00:02:02]} Bg4 {[%clk 00:47:30]} {[%emt 00:00:53]} 10.
Bb2 {[%clk 00:40:55]} {[%emt 00:02:38]} Bb4+ {[%clk 00:47:16]} {[%emt
00:00:23]} 11. Kf2 {[%clk 00:39:29]} {[%emt 00:01:35]} Qd7 {[%clk 00:45:24]}
{[%emt 00:02:03]} 12. Be2 {[%clk 00:36:30]} {[%emt 00:03:09]} O-O-O {[%clk
00:45:18]} {[%emt 00:00:16]} 13. a3 {[%clk 00:33:34]} {[%emt 00:03:06]} Bc5+
{[%clk 00:44:57]} {[%emt 00:00:31]} 14. d4 {[%clk 00:32:36]} {[%emt 00:01:08]}
Bb6 {[%clk 00:44:14]} {[%emt 00:00:54]} 15. Qd2 {[%clk 00:31:06]} {[%emt
00:01:39]} Bxf3 {[%clk 00:43:58]} {[%emt 00:00:25]} 16. Bxf3 {[%clk 00:31:02]}
{[%emt 00:00:14]} Nxd4 {[%clk 00:43:55]} {[%emt 00:00:14]} 17. Rad1 {[%clk
00:29:20]} {[%emt 00:01:52]} Nxb3+ {[%clk 00:43:17]} {[%emt 00:00:47]} 18. Qe3
{[%clk 00:28:04]} {[%emt 00:01:27]} Bxe3+ {[%clk 00:43:18]} {[%emt 00:00:08]}
19. Kxe3 {[%clk 00:28:10]} {[%emt 00:00:05]} Qe7 {[%clk 00:42:24]} {[%emt
00:01:04]} 20. Bg4+ {[%clk 00:26:17]} {[%emt 00:02:03]} Kb8 {[%clk 00:42:32]}
{[%emt 00:00:02]} 21. Rxd8+ {[%clk 00:24:19]} {[%emt 00:02:08]} Rxd8 {[%clk
00:42:40]} {[%emt 00:00:02]} 22. Rd1 {[%clk 00:23:55]} {[%emt 00:00:33]} Qg5+
{[%clk 00:42:18]} {[%emt 00:00:33]} 23. Kf3 {[%clk 00:22:35]} {[%emt 00:01:30]}
Rxd1 {[%clk 00:42:21]} {[%emt 00:00:07]} 0-1

[Event "English Schools Championship Final 2024"]
[Site "Nottingham University Kings Meadow Campus, United Kingdom"]
[Date "2024.06.27"]
[Round "3.61"]
[White "Chadwick, Thomas"]
[Black "Nayak, Varun"]
[Result "1-0"]
[TimeControl "G50' + 10\" per move."]
[WhiteFideId "343411290"]
[BlackFideId "343440843"]
[WhiteElo "1747"]
[BlackElo "1833"]

1. c4 {[%clk 00:50:16]} {[%emt 00:00:04]} e6 {[%clk 00:50:17]} {[%emt
00:00:04]} 2. e4 {[%clk 00:50:23]} {[%emt 00:00:03]} b6 {[%clk 00:50:23]}
{[%emt 00:00:03]} 3. Nc3 {[%clk 00:50:26]} {[%emt 00:00:07]} Bb7 {[%clk
00:50:27]} {[%emt 00:00:07]} 4. g3 {[%clk 00:50:27]} {[%emt 00:00:09]} Bb4
{[%clk 00:50:35]} {[%emt 00:00:02]} 5. Nge2 {[%clk 00:50:27]} {[%emt 00:00:10]}
f5 {[%clk 00:50:37]} {[%emt 00:00:08]} 6. Bg2 {[%clk 00:50:12]} {[%emt
00:00:25]} Nf6 {[%clk 00:50:45]} {[%emt 00:00:01]} 7. d3 {[%clk 00:49:55]}
{[%emt 00:00:28]} fxe4 {[%clk 00:50:51]} {[%emt 00:00:04]} 8. O-O {[%clk
00:49:00]} {[%emt 00:01:05]} O-O {[%clk 00:49:48]} {[%emt 00:01:12]} 9. dxe4
{[%clk 00:48:43]} {[%emt 00:00:26]} Bxc3 {[%clk 00:49:25]} {[%emt 00:00:33]} 10.
Nxc3 {[%clk 00:48:48]} {[%emt 00:00:06]} d6 {[%clk 00:49:21]} {[%emt 00:00:15]}
11. Bg5 {[%clk 00:46:56]} {[%emt 00:02:02]} Nbd7 {[%clk 00:48:14]} {[%emt
00:01:16]} 12. Qc2 {[%clk 00:42:48]} {[%emt 00:04:18]} h6 {[%clk 00:47:59]}
{[%emt 00:00:26]} 13. Bf4 {[%clk 00:42:11]} {[%emt 00:00:46]} e5 {[%clk
00:47:29]} {[%emt 00:00:40]} 14. Be3 {[%clk 00:41:30]} {[%emt 00:00:51]} Qe7
{[%clk 00:47:01]} {[%emt 00:00:38]} 15. Nd5 {[%clk 00:41:14]} {[%emt 00:00:26]}
Qf7 {[%clk 00:43:38]} {[%emt 00:03:33]} 16. Nxc7 {[%clk 00:33:55]} {[%emt
00:07:29]} Rac8 {[%clk 00:43:46]} {[%emt 00:00:02]} 17. Nb5 {[%clk 00:33:55]}
{[%emt 00:00:11]} Rxc4 {[%clk 00:43:49]} {[%emt 00:00:06]} 18. Qb3 {[%clk
00:33:55]} {[%emt 00:00:10]} Nxe4 {[%clk 00:40:40]} {[%emt 00:03:19]} 19. Bxe4
{[%clk 00:31:56]} {[%emt 00:02:09]} Bxe4 {[%clk 00:40:10]} {[%emt 00:00:39]} 20.
Nxd6 {[%clk 00:31:59]} {[%emt 00:00:08]} Qf3 {[%clk 00:40:06]} {[%emt
00:00:14]} 21. Nxe4 {[%clk 00:30:54]} {[%emt 00:01:15]} Qxe4 {[%clk 00:40:12]}
{[%emt 00:00:04]} 22. Rac1 {[%clk 00:29:17]} {[%emt 00:01:47]} Rfc8 {[%clk
00:40:19]} {[%emt 00:00:03]} 23. Rxc4 {[%clk 00:28:27]} {[%emt 00:01:01]} Qxc4
{[%clk 00:40:26]} {[%emt 00:00:03]} 24. Rc1 {[%clk 00:28:08]} {[%emt 00:00:28]}
1-0

[Event "English Schools Championship Final 2024"]
[Site "Nottingham University Kings Meadow Campus, United Kingdom"]
[Date "2024.06.27"]
[Round "3.62"]
[White "Khan, Leo"]
[Black "Bharadwaj, Arjun Kartik"]
[Result "0-1"]
[TimeControl "G50' + 10\" per move."]
[WhiteFideId "343440711"]
[BlackFideId "343419305"]
[WhiteElo "1622"]
[BlackElo "1625"]

1. e4 {[%clk 00:50:17]} {[%emt 00:00:04]} e5 {[%clk 00:50:15]} {[%emt
00:00:05]} 2. Nf3 {[%clk 00:50:10]} {[%emt 00:00:17]} Nc6 {[%clk 00:50:20]}
{[%emt 00:00:05]} 3. Bc4 {[%clk 00:50:13]} {[%emt 00:00:07]} Nf6 {[%clk
00:50:25]} {[%emt 00:00:05]} 4. d3 {[%clk 00:49:02]} {[%emt 00:01:21]} Bc5
{[%clk 00:50:07]} {[%emt 00:00:27]} 5. c3 {[%clk 00:48:52]} {[%emt 00:00:20]}
d6 {[%clk 00:49:56]} {[%emt 00:00:21]} 6. d4 {[%clk 00:47:52]} {[%emt
00:01:10]} exd4 {[%clk 00:49:19]} {[%emt 00:00:47]} 7. cxd4 {[%clk 00:47:51]}
{[%emt 00:00:11]} Bb4+ {[%clk 00:49:06]} {[%emt 00:00:23]} 8. Bd2 {[%clk
00:47:12]} {[%emt 00:00:49]} Nxe4 {[%clk 00:46:57]} {[%emt 00:02:18]} 9. Bxb4
{[%clk 00:47:08]} {[%emt 00:00:15]} Nxb4 {[%clk 00:47:03]} {[%emt 00:00:04]} 10.
Bxf7+ {[%clk 00:46:51]} {[%emt 00:00:26]} Kxf7 {[%clk 00:46:49]} {[%emt
00:00:24]} 11. Qb3+ {[%clk 00:46:45]} {[%emt 00:00:17]} Be6 {[%clk 00:45:44]}
{[%emt 00:01:15]} 12. Qxb4 {[%clk 00:46:13]} {[%emt 00:00:42]} Bd5 {[%clk
00:44:26]} {[%emt 00:01:28]} 13. O-O {[%clk 00:44:21]} {[%emt 00:02:02]} Re8
{[%clk 00:43:58]} {[%emt 00:00:38]} 14. Nc3 {[%clk 00:43:46]} {[%emt 00:00:45]}
Nxc3 {[%clk 00:43:57]} {[%emt 00:00:11]} 15. Qxc3 {[%clk 00:43:39]} {[%emt
00:00:16]} c6 {[%clk 00:41:03]} {[%emt 00:03:05]} 16. a3 {[%clk 00:39:45]}
{[%emt 00:04:04]} Qf6 {[%clk 00:40:42]} {[%emt 00:00:30]} 17. Rfe1 {[%clk
00:37:18]} {[%emt 00:02:38]} Bxf3 {[%clk 00:40:40]} {[%emt 00:00:13]} 18. Qxf3
{[%clk 00:37:04]} {[%emt 00:00:23]} Qxf3 {[%clk 00:40:44]} {[%emt 00:00:06]} 19.
gxf3 {[%clk 00:37:06]} {[%emt 00:00:07]} Rxe1+ {[%clk 00:40:34]} {[%emt
00:00:21]} 20. Rxe1 {[%clk 00:37:04]} {[%emt 00:00:12]} Re8 {[%clk 00:40:43]}
{[%emt 00:00:01]} 21. Rxe8 {[%clk 00:36:26]} {[%emt 00:00:48]} Kxe8 {[%clk
00:38:36]} {[%emt 00:02:17]} 22. Kg2 {[%clk 00:36:04]} {[%emt 00:00:32]} Ke7
{[%clk 00:38:36]} {[%emt 00:00:10]} 23. Kg3 {[%clk 00:35:28]} {[%emt 00:00:47]}
Ke6 {[%clk 00:38:15]} {[%emt 00:00:31]} 24. Kf4 {[%clk 00:35:24]} {[%emt
00:00:13]} Kd5 {[%clk 00:37:29]} {[%emt 00:00:57]} 25. Kf5 {[%clk 00:30:47]}
{[%emt 00:04:46]} Kxd4 {[%clk 00:36:13]} {[%emt 00:01:26]} 26. Ke6 {[%clk
00:30:31]} {[%emt 00:00:27]} d5 {[%clk 00:35:57]} {[%emt 00:00:26]} 27. Kf7
{[%clk 00:29:47]} {[%emt 00:00:53]} Ke5 {[%clk 00:36:01]} {[%emt 00:00:07]} 28.
Kxg7 {[%clk 00:29:34]} {[%emt 00:00:23]} d4 {[%clk 00:36:03]} {[%emt 00:00:08]}
29. Kxh7 {[%clk 00:29:35]} {[%emt 00:00:15]} d3 {[%clk 00:36:00]} {[%emt
00:00:06]} 30. h4 {[%clk 00:27:53]} {[%emt 00:01:52]} d2 {[%clk 00:35:42]}
{[%emt 00:00:28]} 0-1

[Event "English Schools Championship Final 2024"]
[Site "Nottingham University Kings Meadow Campus, United Kingdom"]
[Date "2024.06.27"]
[Round "3.63"]
[White "Hazell, Peter"]
[Black "Howarth, Chevy"]
[Result "1-0"]
[TimeControl "G50' + 10\" per move."]
[WhiteFideId "343400922"]
[WhiteElo "1666"]
[BlackElo "1611"]

1. d4 {[%clk 00:50:19]} Nf6 {[%clk 00:50:18]} {[%emt 00:00:03]} 2. c4 {[%clk
00:50:24]} {[%emt 00:00:04]} g6 {[%clk 00:50:18]} {[%emt 00:00:10]} 3. Nc3
{[%clk 00:50:31]} {[%emt 00:00:03]} Bg7 {[%clk 00:50:17]} {[%emt 00:00:05]} 4.
e4 {[%clk 00:50:40]} d6 {[%clk 00:50:21]} {[%emt 00:00:13]} 5. Nf3 {[%clk
00:50:45]} {[%emt 00:00:05]} O-O {[%clk 00:50:25]} {[%emt 00:00:06]} 6. Bd3
{[%clk 00:50:38]} {[%emt 00:00:16]} e5 {[%clk 00:50:14]} {[%emt 00:00:22]} 7.
d5 {[%clk 00:50:31]} {[%emt 00:00:17]} a5 {[%clk 00:50:01]} {[%emt 00:00:23]} 8.
a3 {[%clk 00:50:05]} {[%emt 00:00:36]} Na6 {[%clk 00:49:56]} {[%emt 00:00:15]}
9. b4 {[%clk 00:50:07]} {[%emt 00:00:08]} c6 {[%clk 00:49:01]} {[%emt
00:01:05]} 10. Bb2 {[%clk 00:49:38]} {[%emt 00:00:36]} Bg4 {[%clk 00:48:52]}
{[%emt 00:00:21]} 11. b5 {[%clk 00:49:21]} {[%emt 00:00:29]} Nc5 {[%clk
00:48:34]} {[%emt 00:00:28]} 12. dxc6 {[%clk 00:48:57]} {[%emt 00:00:34]} bxc6
{[%clk 00:48:06]} {[%emt 00:00:37]} 13. bxc6 {[%clk 00:49:04]} {[%emt
00:00:02]} Qb6 {[%clk 00:47:39]} {[%emt 00:00:33]} 14. Rb1 {[%clk 00:47:34]}
{[%emt 00:01:46]} Qxc6 {[%clk 00:47:09]} {[%emt 00:00:39]} 15. Nd5 {[%clk
00:47:29]} {[%emt 00:00:14]} Nxd5 {[%clk 00:46:00]} {[%emt 00:00:43]} 16. cxd5
{[%clk 00:47:31]} {[%emt 00:00:45]} Qa4 {[%clk 00:45:12]} {[%emt 00:00:56]} 17.
Qxa4 {[%clk 00:45:38]} {[%emt 00:02:05]} Nxa4 {[%clk 00:45:13]} {[%emt
00:00:08]} 18. Nd2 {[%clk 00:45:38]} {[%emt 00:00:10]} Rfc8 {[%clk 00:43:32]}
{[%emt 00:01:52]} 19. O-O {[%clk 00:45:05]} {[%emt 00:00:43]} Nxb2 {[%clk
00:43:13]} {[%emt 00:00:29]} 20. Rxb2 {[%emt 00:01:58]} Rc3 {[%clk 00:41:46]}
21. Rb3 {[%clk 00:44:07]} {[%emt 00:00:57]} Rac8 {[%clk 00:41:27]} {[%emt
00:00:28]} 22. Rfb1 {[%clk 00:42:50]} {[%emt 00:01:23]} Rc1+ {[%clk 00:39:42]}
{[%emt 00:02:00]} 23. Nf1 {[%clk 00:42:29]} {[%emt 00:00:31]} R8c3 {[%clk
00:38:48]} {[%emt 00:01:03]} 24. Rb8+ {[%clk 00:41:26]} {[%emt 00:01:14]} Bf8
{[%clk 00:38:01]} {[%emt 00:00:56]} 25. Rxc1 {[%clk 00:41:04]} {[%emt
00:00:32]} Rxc1 {[%clk 00:37:58]} {[%emt 00:00:12]} 26. Bb5 {[%clk 00:39:35]}
{[%emt 00:01:40]} Bd1 {[%clk 00:36:08]} {[%emt 00:02:00]} 27. Ra8 {[%clk
00:38:53]} {[%emt 00:00:52]} Rc5 {[%clk 00:35:39]} {[%emt 00:00:38]} 28. a4
{[%clk 00:37:25]} {[%emt 00:01:40]} Kg7 {[%clk 00:35:21]} {[%emt 00:00:28]} 29.
Ra7 {[%clk 00:36:34]} {[%emt 00:01:01]} Bh5 {[%clk 00:33:57]} {[%emt 00:01:32]}
30. Be8 {[%clk 00:35:36]} {[%emt 00:01:08]} g5 {[%clk 00:33:48]} {[%emt
00:00:21]} 31. f3 {[%clk 00:35:12]} {[%emt 00:00:33]} Kf6 {[%clk 00:32:16]}
{[%emt 00:01:39]} 32. Bb5 {[%clk 00:34:28]} {[%emt 00:00:58]} Be7 {[%clk
00:31:08]} {[%emt 00:01:17]} 33. Rxa5 {[%clk 00:33:24]} {[%emt 00:01:15]} Bd8
{[%clk 00:30:35]} {[%emt 00:00:42]} 34. Ra6 {[%clk 00:33:12]} {[%emt 00:00:22]}
Ke7 {[%clk 00:30:29]} {[%emt 00:00:16]} 35. Ne3 {[%clk 00:32:46]} {[%emt
00:00:35]} Bg6 {[%clk 00:30:13]} {[%emt 00:00:28]} 36. Nc4 {[%clk 00:32:12]}
{[%emt 00:00:43]} Bc7 {[%clk 00:29:52]} {[%emt 00:00:32]} 37. Nb6 {[%clk
00:30:03]} {[%emt 00:02:18]} h5 {[%clk 00:28:13]} {[%emt 00:01:49]} 38. Nc8+
{[%clk 00:29:49]} {[%emt 00:00:22]} Kd8 {[%clk 00:27:40]} {[%emt 00:00:47]} 39.
Nxd6 {[%clk 00:29:31]} {[%emt 00:00:27]} Ke7 {[%clk 00:26:51]} {[%emt
00:00:58]} 40. Nc4 {[%clk 00:29:09]} {[%emt 00:00:33]} Bb8 {[%clk 00:24:39]}
{[%emt 00:02:21]} 41. d6+ {[%clk 00:28:41]} {[%emt 00:00:38]} Kd8 {[%clk
00:24:30]} {[%emt 00:00:19]} 42. Ra8 {[%clk 00:28:11]} {[%emt 00:00:39]} Rc8
{[%clk 00:24:22]} {[%emt 00:00:20]} 43. d7 {[%clk 00:28:11]} {[%emt 00:00:10]}
1-0